000 00330nam a2200145Ia 4500
008 230917s9999||||xx |||||||||||||| ||und||
040 _e138317
_aMAIN
041 _aEnglish
082 _a823.7 D555N
100 _aDikens
245 0 _aNo more meadows
260 _aLondon
_bPenguin Books
_c1970
300 _a351 p.
942 _cBK
999 _c68445
_d68445